<?xml version="1.0" encoding="UTF-8"?><?xml-stylesheet type="text/xsl" href="static/style.xsl"?><OAI-PMH xmlns="http://www.openarchives.org/OAI/2.0/" xmlns:xsi="http://www.w3.org/2001/XMLSchema-instance" xsi:schemaLocation="http://www.openarchives.org/OAI/2.0/ http://www.openarchives.org/OAI/2.0/OAI-PMH.xsd"><responseDate>2026-04-30T05:59:26Z</responseDate><request verb="GetRecord" identifier="oai:riubu.ubu.es:10259/11427" metadataPrefix="marc">https://riubu.ubu.es/oai/request</request><GetRecord><record><header><identifier>oai:riubu.ubu.es:10259/11427</identifier><datestamp>2026-02-26T01:05:33Z</datestamp><setSpec>com_10259_5238</setSpec><setSpec>com_10259_5086</setSpec><setSpec>com_10259_2604</setSpec><setSpec>col_10259_6212</setSpec></header><metadata><record xmlns="http://www.loc.gov/MARC21/slim" xmlns:doc="http://www.lyncode.com/xoai" xmlns:xsi="http://www.w3.org/2001/XMLSchema-instance" xmlns:dcterms="http://purl.org/dc/terms/" xsi:schemaLocation="http://www.loc.gov/MARC21/slim http://www.loc.gov/standards/marcxml/schema/MARC21slim.xsd">
<leader>00925njm 22002777a 4500</leader>
<datafield tag="042" ind1=" " ind2=" ">
<subfield code="a">dc</subfield>
</datafield>
<datafield tag="720" ind1=" " ind2=" ">
<subfield code="a">Gamero Igea, Germán</subfield>
<subfield code="e">author</subfield>
</datafield>
<datafield tag="260" ind1=" " ind2=" ">
<subfield code="c">2024-09</subfield>
</datafield>
<datafield tag="520" ind1=" " ind2=" ">
<subfield code="a">Tradicionalmente viene argumentándose que el medievalismo en general y el hispano en particular ado&#xd;
leció en las décadas centrales del siglo pasado de una falta interés por un tema actualmente en boga: los&#xd;
estudios sobre la Corte. En este trabajo proponemos algunas reflexiones sobre la atención mostrada a este tema por las principales escuelas del medievalismo que les permitió, ya en la década de los 30, incorporarse al debate sobre los séquitos regios desde una&#xd;
perspectiva propia.</subfield>
</datafield>
<datafield tag="520" ind1=" " ind2=" ">
<subfield code="a">Medievalists, and specifically Spanish medievalists,&#xd;
have been considered as an academic group not interested in the Court history until the 80’s or 90’s of&#xd;
the twenty century. In this paper I propose reconsider&#xd;
this statement by analyzing how courtier topics were&#xd;
present in medieval scholars at the beginning of the century. Thanks to their efforts medievalism could&#xd;
(and can, nowadays) propose some interesting questions about royal entourages and its evolution.</subfield>
</datafield>
<datafield tag="024" ind2=" " ind1="8">
<subfield code="a">1885-2718</subfield>
</datafield>
<datafield tag="024" ind2=" " ind1="8">
<subfield code="a">https://hdl.handle.net/10259/11427</subfield>
</datafield>
<datafield tag="024" ind2=" " ind1="8">
<subfield code="a">10.20318/revhisto.2024.6142</subfield>
</datafield>
<datafield tag="024" ind2=" " ind1="8">
<subfield code="a">2445-0057</subfield>
</datafield>
<datafield ind1=" " ind2=" " tag="653">
<subfield code="a">Corte</subfield>
</datafield>
<datafield ind1=" " ind2=" " tag="653">
<subfield code="a">Medievalismo</subfield>
</datafield>
<datafield ind1=" " ind2=" " tag="653">
<subfield code="a">Séquitos regios</subfield>
</datafield>
<datafield ind1=" " ind2=" " tag="653">
<subfield code="a">Hispanismo</subfield>
</datafield>
<datafield ind1=" " ind2=" " tag="653">
<subfield code="a">Court Studies</subfield>
</datafield>
<datafield ind1=" " ind2=" " tag="653">
<subfield code="a">Medievalism</subfield>
</datafield>
<datafield ind1=" " ind2=" " tag="653">
<subfield code="a">Royal Courts</subfield>
</datafield>
<datafield ind1=" " ind2=" " tag="653">
<subfield code="a">Hispanic Studies</subfield>
</datafield>
<datafield tag="245" ind1="0" ind2="0">
<subfield code="a">Impulsos de una cuestión en los márgenes. Una revisión de la contribución del medievalismo hispano a los estudios sobre las cortes regias</subfield>
</datafield>
</record></metadata></record></GetRecord></OAI-PMH>